Online
Catalog

Floating clouds / (Record no. 17196)

MARC details
000 -CABECERA
campo de control de longitud fija 01006cam a2200301 a 4500
001 - NÚMERO DE CONTROL
campo de control 000017671
003 - IDENTIFICADOR DEL NÚMERO DE CONTROL
campo de control UkOxU
005 - FECHA Y HORA DE LA ÚLTIMA TRANSACCIÓN
campo de control 20200929165205.0
008 - DATOS DE LONGITUD FIJA--INFORMACIÓN GENERAL
campo de control de longitud fija 060222s2006 nyu 000 1 eng d
020 ## - NÚMERO INTERNACIONAL ESTÁNDAR DEL LIBRO
Número Internacional Estándar del Libro 0231136285 (hbk.)
040 ## - FUENTE DE LA CATALOGACIÓN
Centro catalogador/agencia de origen DO-SdBNP
Lengua de catalogación eng
Centro/agencia transcriptor StDuBDS
Centro/agencia modificador BNPHU
041 17 - CÓDIGO DE LENGUA
Código de lengua del texto/banda sonora o título independiente eng
Código de lengua original jpn
Fuente del código Código de idiomas MARC
082 ## - NÚMERO DE LA CLASIFICACIÓN DECIMAL DEWEY
Número de clasificación 895.6342
Número de documento/Ítem H413f
049 ## - FONDOS LOCALES (OCLC)
Fondos de biblioteca BNGR
100 1# - ENTRADA PRINCIPAL--NOMBRE DE PERSONA
Nombre de persona Hayashi, Fumiko,
Fechas asociadas al nombre 1904-1951.
9 (RLIN) 38491
240 10 - TÍTULO UNIFORME
Título uniforme Ukigumo.
Lenguaje de la obra Inglés
245 10 - MENCIÓN DE TÍTULO
Título Floating clouds /
Mención de responsabilidad, etc. Hayashi Fumiko ; traducción Lane Dunlop.
260 ## - PUBLICACIÓN, DISTRIBUCIÓN, ETC.
Lugar de publicación, distribución, etc. New York ; :
Nombre del editor, distribuidor, etc. Columbia University Press,
Fecha de publicación, distribución, etc. 2006.
300 ## - DESCRIPCIÓN FÍSICA
Extensión xvii, 303 p. ;
Dimensiones 24 cm.
490 1# - MENCIÓN DE SERIE
Mención de serie Japanese Studies
534 ## - NOTA SOBRE LA VERSIÓN ORIGINAL
Encabezamiento principal del original Orinally publishep in Japan :
Mención de título del original Ukigumo
500 ## - NOTA GENERAL
Nota general Publicado originalmente en Japón por Rokko Shuppan, Tokio, 1951.
650 #4 - PUNTO DE ACCESO ADICIONAL DE MATERIA--TÉRMINO DE MATERIA
Término de materia o nombre geográfico como elemento de entrada Novela japonesa
9 (RLIN) 4300
650 #4 - PUNTO DE ACCESO ADICIONAL DE MATERIA--TÉRMINO DE MATERIA
Término de materia o nombre geográfico como elemento de entrada Literatura japonesa
9 (RLIN) 4301
700 1# - PUNTO DE ACCESO ADICIONAL--NOMBRE DE PERSONA
Nombre de persona Dunlop, Lane,
Término indicativo de función/relación tr.
9 (RLIN) 38492
830 #0 - PUNTO DE ACCESO ADICIONAL DE SERIE-TÍTULO UNIFORME
Título uniforme Japanese Studies
9 (RLIN) 38493
910 ## - DATOS DE OPCIÓN DEL USUARIO (OCLC)
Datos de opción del usuario Catalogación por copia /Oxford
Holdings
Estado de retiro Estado de pérdida Restricciones de uso No para préstamo Código de colección Localización permanente Ubicación/localización actual Ubicación en estantería Fecha de adquisición Número de inventario Total de préstamos Signatura topográfica completa Código de barras Fecha visto por última vez Precio válido a partir de Tipo de ítem Koha
        Monografías: Libros y Folletos General General En catalogación 29.03.2010 LF1   895.6342 H413f 17671-10 25.06.2020 25.06.2020 Préstamo en sala

Powered by Koha